004590000a22001330004500090001700000245005600017041001300073700003500086700004200121100002600163942001300189773010600202999001700308 aASbSeriadas10aBiogeographic patterns of colombian frogs and toads0 aInglés1 aRuiz Carranza, Pedro M.9941871 aArdila Robayo, María Cristina943341 aLynch, John D.992907 cARTICULO1 tRevista de la Academia Colombiana de Ciencias Exactas, Fisicas y Naturales332h80q237-248d1997g21 c14180d14180